[Event "HCL-E1377"]
[Site "www.playchess.de"]
[Date "2006.03.20"]
[Round "12"]
[White "Spiridonas"]
[Black "fartman"]
[WhiteElo "1809"]
[BlackElo "1631"]
[PlyCount "160"]
[Result "0-1"]

1.e4 {Hello, have a nice game!}  c5 {Hi! You too!} 
 2.c3 a6 3.d4 cxd4 4.cxd4 e6 5.Nc3 d6 6.f4 Be7 
7.Nf3 Nf6 8.Bd3 O-O 9.O-O b5 10.a3 Bb7 11.b4 Nbd7 
12.e5 Nd5 13.Nxd5 Bxd5 14.Ng5 Bxg5 15.fxg5 dxe5 
16.dxe5 Nxe5 17.Bb2 Nxd3 18.Qxd3 Qxg5 19.Rf2 Rad8 
20.Qc3 Rdc8 21.Qh3 Rc4 22.Raf1 Qg4 23.Qe3 Rfc8 
24.h3 Qg6 25.Qa7 R4c6 26.Qxf7+ Qxf7 27.R2xf7 R6c7 
28.Rxc7 Rxc7 29.Rc1 Rxc1+ 30.Bxc1 Kf7 31.h4 Kf6 
32.g3 Kf5 33.Kf2 Ke4 34.Bb2 g6 35.Ke2 Bc4+ 36.Kd2 
Kf3 37.Be5 Ke4 38.Bb2 Bb3 39.Bc3 Kd5 40.Bb2 Kc4 
41.Be5 Ba4 42.Kc1 Kb3 43.Bb2 Ka2 44.Bd4 Kxa3 
45.Bc5 Bb3 46.Kd2 Ka4 47.Kc3 Bd1 48.Bd6 a5 49.bxa5 
Kxa5 50.Bb4+ Ka4 51.Bd6 Bf3 52.Kb2 b4 53.Be5 b3 
54.Bc3 Bd5 55.Kc1 Kb5 56.Kd2 Kc4 57.Bb2 Be4 58.Ke2 
Kd5 59.Ke3 e5 60.Kd2 Bc2 61.Ke3 e4 62.Bc3 Kc5 
63.Bd4+ Kb4 64.Bb2 Bd3 65.Kd4 Bc2 66.Ke3 Kc4 
67.Kd2 Kd5 68.Bg7 Ke6 69.g4 h5 70.gxh5 gxh5 71.Ke3 
Kf5 72.Bb2 Kg4 73.Bf6 Kg3 74.Ke2 Bb1 75.Ke3 Bd3 
76.Kd2 Kf3 77.Bb2 Bc4 78.Bd4 e3+ 79.Ke1 e2 80.Kd2 
b2 0-1

[Event "HCL-C4221"]
[Site "www.playchess.de"]
[Date "2006.03.20"]
[Round "6"]
[White "patzer55"]
[Black "Azimut"]
[WhiteElo "1484"]
[BlackElo "1415"]
[PlyCount "117"]
[Result "1-0"]

1.e4 b6 {Hello, please to meet you and good luck 
for the game. Michel}  2.d4 {Hello, same to you}  
d6 3.Nc3 g6 4.Nf3 Bg7 5.e5 e6 6.Nb5 a6 7.Nc3 h6 
8.exd6 cxd6 9.Be3 Bb7 10.Ne2 Ne7 11.Ng3 Nd7 12.c3 
Nf6 13.h3 Ne4 14.Nxe4 Bxe4 15.Bd3 Bb7 16.O-O f5 
17.Re1 O-O 18.Bc4 d5 19.Bb3 Qd6 20.Qc1 f4 21.Bd2 
g5 22.Bc2 Rac8 23.Ne5 Rc7 24.Ng6 Nxg6 25.Bxg6 e5 
26.Qc2 e4 27.Bh5 Bxd4 28.Qd1 Bxf2+ 29.Kxf2 e3+ 
30.Bxe3 fxe3+ 31.Kxe3 Qf4+ 32.Kd3 a5 33.Kc2 d4 
34.Qe2 Qe3 35.Qxe3 dxe3 36.Rxe3 Rf2+ 37.Kb3 Bxg2 
38.Bg4 b5 39.Be6+ Kg7 40.a4 b4 41.cxb4 axb4 42.Rd1 
Rcc2 43.Rb1 Rce2 44.Rxe2 Rxe2 45.Bg4 Re3+ 46.Kxb4 
Re4+ 47.Ka5 h5 48.Bxh5 Bxh3 49.Bf3 Rf4 50.Bc6 g4 
51.b4 g3 52.Rg1 g2 53.Bxg2 Rg4 54.b5 Rg5 {Hmmm... 
I'm probably in a losing position... :-)}  55.Bxh3 
Rxg1 56.b6 Kf6 57.b7 Rg8 58.Ka6 Ke5 
59.Bc8 1-0

[Event "HCL-C4106"]
[Site "www.playchess.de"]
[Date "2006.03.20"]
[Round "18"]
[White "Treebeard"]
[Black "Tomcat"]
[WhiteElo "1226"]
[BlackElo "800"]
[PlyCount "77"]
[Result "1-0"]

1.d4 {Hello and good luck}  f6 {Hi.Good luck to 
you also.}  2.e4 e5 3.Nf3 d6 4.dxe5 dxe5 5.Nc3 Ne7 
6.Bc4 Bd7 7.Be3 {welcome to playchess, Tom.}  b5 
{Thank You.}  8.Bxb5 c6 9.Ba4 a5 10.Bc5 g6 11.Qd3 
Na6 12.Ba3 c5 13.Bxd7+ Qxd7 14.Qxd7+ Kxd7 
15.O-O-O+ Ke8 16.Nd5 Rd8 17.Nxf6+ Kf7 18.Rxd8 Bg7 
19.Rxh8 Bxh8 20.Nxh7 Bg7 21.Nhg5+ Ke8 22.Kd2 Bh6 
23.Kd3 Nc8 24.Ne6 Nb6 25.Nxe5 g5 26.Nxc5 Nc7 
27.Nc4 Nxc4 28.Kxc4 Bg7 29.b4 axb4 30.Bxb4 Na8 
31.Rd1 Nb6+ 32.Kb5 Na8 33.Kc6 Be5 34.h3 Nc7 35.a4 
Bf4 36.a5 Be5 37.a6 Bf4 38.a7 Ke7 
39.Na6+ 1-0

[Event "HCL-T266"]
[Site "www.playchess.de"]
[Date "2006.03.20"]
[Round "36"]
[White "wbaldan"]
[Black "richard"]
[WhiteElo "1700"]
[BlackElo "1897"]
[PlyCount "54"]
[Result "0-1"]

1.e4 e6 2.d4 d5 3.Nc3 Bb4 4.e5 c5 5.a3 Bxc3+ 
6.bxc3 Ne7 7.Nf3 Qa5 8.Bd2 c4 9.Be2 Nbc6 10.O-O 
O-O 11.Re1 Kh8 12.Bf1 f6 13.exf6 gxf6 14.g3 Ng6 
15.h4 Rg8 16.Kh2 Qc7 17.Bh3 e5 18.dxe5 fxe5 19.Bg5 
Qf7 20.h5 Nf8 21.Bxc8 Rxc8 22.Bh4 e4 23.Ng5 Qf5 
24.Qd2 Ne5 25.Qf4 Qxf4 26.gxf4 h6 27.Nh3 Nf3+ {did 
you overlook this?}  0-1

[Event "HCL-A2620"]
[Site "www.playchess.de"]
[Date "2006.03.20"]
[Round "2"]
[White "Josef1901"]
[Black "janaj"]
[WhiteElo "1596"]
[BlackElo "1270"]
[PlyCount "74"]
[Result "1/2-1/2"]

1.d4 {hallo Jana! wie geht es dir? viel glück bei 
der partie, freut mich, wieder mal gegen dich zu 
spielen}  d5 {wow, das ist eine Überraschung! Freu 
mich auch! :-)}  2.c4 {die letzte partie ist echt 
schon lange her}  dxc4 {tja, es ist ja sowieso 
erstaunlich, dass wir hier nochmals zusammen 
spielen, wo du doch Profi bist :-)}  3.Nf3 {ich 
und profi. ich spiele zur zeit ziemlich schlecht. 
ich übersehe leider sehr viel. hab auch nicht mehr 
die zeit zum spielen :-(}  c6 {was machst du denn 
jetzt?}  4.a4 {wie meinst du das, beruflich?}  Be6 
{ja und so alles :-)}  5.e4 {was tut sich da, 
recht viel, ich arbeite wieder als 
zahntechniker,wechsle jetzt vielleicht die firma, 
bin seit kurzem wieder single :-( darum hab ich 
wieder mehr zeit für schach. was is bei dir so 
los?}  h6 {da reicht der Platz gar nicht:-) 
Spielst du noch bei schachspiel.de? Ich glaube du 
warst der erste mit dem ich online Schach gespielt 
habe!}  6.Nc3 {stimmt, ich war der erste :-) nein, 
dort spiele ich nicht mehr. ich spiele hier und 
bei chess.at das reicht eh.
spielst du noch bei schachspiel.de?}  g6 {nein, 
aber bei pogo nur funktioniert das zur Zeit leider 
mit meinem PC nicht.}  7.d5 {warum das? pogo kenn 
ich gar nicht. übrigens, jetzt muss ich wieder 
mehr tun im schach. ich habe eine schachschülerin 
:-)}  cxd5 {hmmm, deine Nichte? :-)}  8.exd5 
{nein, ein mädl aus unserem verein. sie hat mich 
schon einige male gefragt, aber ich wollte nie. 
jetzt mache ich es aber. die wird sicher mal 
besser als ich}  Bg4 {wie alt ist sie denn? Wie 
alt ist deine Nichte inzwischen?}  9.Bxc4 {meine 
schachschülerin ist 18 jahre. ich habe leider 
keine nichte, dafür schon 2 neffen :-) Manuel ist 
5 und Jonas 1}  a6 {ok, dann ist es 5 Jahre her 
seit wir bei schachspiel.de das erste Mal zusammen 
Schach gespielt haben.}  10.O-O {so lange ist es 
nicht her. wir haben hier auch schon mal gespielt 
:-) stimmt, vor 5 jahren haben wir das erste mal 
miteinander gespielt}  Bg7 {ganz schön lange, 
gelle :-)}  11.h3 {stimmt und ich hoffe wir 
spielen noch lange miteinander}  Bf5 {na klar, 
nachdem du bei unserem ersten Spiel so leiden 
mußtest :-)}  12.Re1 {so schlimm war es auch nicht 
:-) ich habe ales gut überstanden}  Nf6 {war auf 
jeden Fall ganz nett von Dir, dass du mit mir 
Anfängerin gespielt hast}  13.Nd4 {warum nicht, 
ich habe ja auch mal angefangen :-) ausserdem 
finde ich es doof, wenn einer nicht mit einer 
anfängerin spielen will. ausserdem mache ich das 
ja auch gerne}  Qd7 {das hast du nett gesagt :-) 
Danke!}  14.Nxf5 {bitte :-)}  Qxf5 15.d6 {guten 
morgen, bei 4 grad plus und schneefall}  O-O 
{guten Morgen, es schneit wahnsinnig und mein Sohn 
ist unterwegs nach Innsbruck zu einem Seminar, um 
9 sollte er dort sein, jetzt ist er nach 2,5 
Stunden gerade mal in Garmisch normalerweise 1 
Stunde}  16.dxe7 {oje, da hat er sich aber auch 
das beste wetter ausgesucht :-) also bei uns 
schneit es echt schon den ganzen tag. naja, es is 
ja noch winter}  Re8 {Hier schneit es auch ohne 
Ende. Um Mitternacht habe ich das letzt mal 
geräumt. Heute Morgen waren es ca. 60 cm 
Neuschnee.}  17.Nd5 {wir haben auch  50 cm 
neuschnee. hab heute schon vor dem frühstück 
geräumt und es schneit noch immer. also werd ich 
bald wieder raus müssen :-)}  Nxd5 18.Bxd5 Nc6 
{jetzt schneit es schon wieder, grrrrrr}  19.Bxc6 
{wir haben momentan april wetter. schnee, regen 
und sonne}  bxc6 20.Qd6 Qd5 {genau wie hier :-)}  
21.Qxd5 {weg mit der dame bevor sie was anstellt 
:-)}  cxd5 {das wollte ich am Anfang doch nie, 
Damentausch :-)}  22.Ra3 {das will ich normal auch 
nicht. ich spiele gerne mit der dame :-)}  Ra7 
{tja, den Spaß habe ich dir jetzt verdorben. Mit 
Damen spielt man nicht :-)}  23.Rd3 {das ist 
gemein von dir :-( muss ich mir was anderes 
einfallen lassen :-)}  d4 {Dafür wünsche ich Dir 
ein wunderschönes Wochenende! :-)}  24.b3 {danke, 
ich dir auch und nicht mehr zu viel schnee}  Raxe7 
{die Massen Schnee sind schon fast weg und die 
Sonne scheint.}  25.Red1 {da habt ihr ja ein 
schönes we. bei uns ist es bewölkt, aber kein 
schnee. was hast sonst noch so vor dieses we?}  
R7e1+ {putzen, bügeln grrrrrrrrrrrrrr}  26.Kh2 
{also alles was spass macht :-)}  Be5+ 27.g3 Rxd1 
28.Rxd1 {also, es ist nicht mehr leicht gegen dich 
zu gewinnen. das freut mich :-)}  Kg7 {dann habe 
ich ja doch was gelernt in den letzten 5 Jahren, 
das finde ich suuuuuuuuuper! :-)}  29.f4 {klar, 
das hast du :-) und, schon fertig mit bügeln ;-)}  
Bf6 {ja:-) und einen schönen Spaziergang habe ich 
auch noch gemacht. Gute Nacht!}  30.Kg2 
{spaziergang ist immer gut, ich gehe aber lieber 
laufen}  Re2+ {du meinst joggen?}  31.Kf3 {genau, 
joggen, so schnell es geht :-)}  Rc2 32.Bd2 Rb2 
33.b4 Rb3+ 34.Kf2 d3 35.Ke3 Be7 36.a5 Bxb4 37.Bxb4 
{hi! ich komme gerade vom laufen zurück. heute hat 
es echt spass gemacht, bei sonnenschein und +9 
grad. wie geht es dir? muss schon sagen, du 
spielst immer stärker, hier ist echt nichts mehr 
drin für mich :-)}  Rxb4 {(offering draw) Wenn du 
wieder mal in A bist spielen wir das nächste :-) 
Wetter ist auch hier heute traumhaft schön!} 
 1/2-1/2

[Event "HCL-A2646"]
[Site "www.playchess.de"]
[Date "2006.03.20"]
[Round "3"]
[White "Josef1901"]
[Black "Wernswig"]
[WhiteElo "1571"]
[BlackElo "1412"]
[PlyCount "49"]
[Result "1/2-1/2"]

1.d4 d5 {hallo, viel spaß}  2.c4 {hi! danke, dir 
auch}  c6 3.cxd5 cxd5 4.Nf3 Nc6 5.Nc3 Bf5 6.Bf4 a6 
7.e3 e6 8.Bd3 Bxd3 9.Qxd3 Bd6 10.Bxd6 Qxd6 11.O-O 
Nf6 12.Rac1 O-O 13.a3 Rac8 14.b4 b5 15.h3 Rc7 
16.Rc2 Rfc8 17.Rfc1 Ne7 18.Ne5 Nd7 19.Nxd7 Qxd7 
20.Ne2 R7xc2 21.Rxc2 Rxc2 22.Qxc2 Qc6 23.Qxc6 Nxc6 
24.Nc3 Kf8 25.f3 {(offering draw)} 
 1/2-1/2

[Event "HCL-A2606"]
[Site "www.playchess.de"]
[Date "2006.03.20"]
[Round "8"]
[White "Kannsnich"]
[Black "Wernswig"]
[WhiteElo "1344"]
[BlackElo "1362"]
[PlyCount "87"]
[Result "1/2-1/2"]

1.c4 e5 {hallo, viel spaß}  2.Nc3 Nf6 3.Nf3 Nc6 
4.g3 d6 5.Bg2 Be7 6.O-O O-O 7.d4 exd4 8.Nxd4 Bd7 
9.b3 Rb8 10.Bb2 Qc8 11.Rc1 Ne5 12.f4 Ng6 13.e4 Ne8 
14.Nd5 c6 15.Ne3 Bf6 16.Rc2 Qd8 17.Ndf5 Bxb2 
18.Rxb2 Qf6 19.Rd2 Bxf5 20.Nxf5 Rd8 21.Re1 Ne7 
22.Nxe7+ Qxe7 23.e5 d5 24.cxd5 Qc5+ 25.Kh1 cxd5 
26.Rxd5 Rxd5 27.Qxd5 Qf2 28.Qd1 Qxa2 29.Bxb7 Nc7 
30.Re2 Qa5 31.Rd2 Ne6 32.Bg2 Qb4 33.Bd5 Nc5 34.Bc4 
Ne4 35.Rc2 Qc5 36.Qe2 Qd4 37.Kg2 Rd8 38.Bd3 Nc3 
39.Qf3 Qxd3 40.Rxc3 Qd2+ 41.Kh3 Qd7+ 42.Kg2 Qd2+ 
43.Kh3 Qd7+ 44.Kg2 {(offering draw)} 
 1/2-1/2

[Event "HCL-B3929"]
[Site "www.playchess.de"]
[Date "2006.03.20"]
[Round "8"]
[White "CYTO"]
[Black "foinaven"]
[WhiteElo "1169"]
[BlackElo "1411"]
[PlyCount "47"]
[Result "1-0"]

1.e4 {hello from tennessee, usa}  c5 {Hi from 
Antwerp, Belgium}  2.Nf3 Nc6 3.d4 cxd4 4.Nxd4 Nf6 
5.Nc3 e5 6.Nf3 Bb4 7.Bd2 Bxc3 8.Bxc3 d6 9.Bc4 Qe7 
10.Qe2 h6 11.Nh4 O-O 12.Nf5 Bxf5 13.exf5 a6 14.O-O 
d5 15.Bb3 b5 16.a3 Qb7 17.Rad1 Rad8 18.Rfe1 Rfe8 
19.Qf3 e4 20.Qg3 Qe7 21.Bxd5 Qd6 22.Bxf7+ Kxf7 
23.Rxd6 Nh5 24.Qg6+ 1-0

[Event "HCL-A2649"]
[Site "www.playchess.de"]
[Date "2006.03.20"]
[Round "17"]
[White "Crusaders"]
[Black "hal1958"]
[WhiteElo "1639"]
[BlackElo "1434"]
[PlyCount "39"]
[Result "1/2-1/2"]

1.Nf3 d5 {have a nice game}  2.g3 {I wish you nice 
game , too}  c5 3.Bg2 Nc6 4.d4 c4 5.O-O Nf6 6.Bf4 
Bg4 7.Nbd2 e6 8.Re1 h6 9.Be5 Bxf3 10.Nxf3 Be7 
11.Bxf6 Bxf6 12.c3 O-O 13.e4 b5 14.exd5 exd5 
15.Qd2 a5 16.a3 Qd7 17.Re2 Rfe8 18.Rae1 Rxe2 
19.Rxe2 Re8 20.Rxe8+ {(offering draw)} 
 1/2-1/2

[Event "HCL-B3860"]
[Site "www.playchess.de"]
[Date "2006.03.20"]
[Round "5"]
[White "vaidasmp"]
[Black "unclcarle"]
[WhiteElo "1200"]
[BlackElo "1057"]
[PlyCount "73"]
[Result "1-0"]

1.e4 e5 {Greetings from NYC.  Have a great game.}  
2.d3 {Lithuania. Vilnius city}  Nf6 3.h3 Bc5 4.Nf3 
d6 5.Be2 O-O 6.Bd2 c6 7.Nc3 d5 8.exd5 cxd5 9.a3 d4 
10.Na2 b5 11.Bb4 Na6 12.Bxc5 Nxc5 13.O-O e4 
14.dxe4 Bb7 15.e5 Nh5 16.Nxd4 Nf4 17.Bf3 Bxf3 
18.Nxf3 Qb6 19.Nb4 Rfd8 20.Qc1 Ne4 21.Qxf4 Rd5 
22.Nxd5 Qc5 23.Qxe4 Rd8 24.Nb4 a5 25.Nc6 Rc8 
26.Nxa5 Re8 27.Nb7 Qb6 28.Nd6 Rd8 29.Rad1 Rf8 
30.Nd4 b4 31.axb4 Qxb4 32.N6f5 g6 33.Nh6+ Kg7 
34.Qf4 Qxb2 35.g4 Qa2 36.g5 Qd5 
37.Qf6+ 1-0

[Event "HCL-E1557"]
[Site "www.playchess.de"]
[Date "2006.03.20"]
[Round "7"]
[White "Emerson"]
[Black "patisab"]
[WhiteElo "1844"]
[BlackElo "1836"]
[PlyCount "57"]
[Result "1-0"]

1.e4 {bienvenue et salutations!}  d6 {Bonjour, 
bonne année, bonne santé et bonne partie :-)}  
2.Qe2 {merci
:-))}  Nf6 3.h3 e5 4.Nf3 Be7 5.d3 Nc6 6.c3 O-O 
7.g4 Re8 8.Bg2 b6 9.Be3 Ba6 10.Qc2 Bb7 11.Nbd2 Qd7 
12.O-O-O Rad8 13.Nf1 Nb8 14.Ng3 Qc8 15.Rdg1 c6 
16.g5 Nfd7 17.h4 Nf8 18.Bh3 Qc7 19.h5 Nbd7 20.Nf5 
d5 21.Nxe7+ Rxe7 22.Nh4 dxe4 23.dxe4 c5 24.f3 Ne6 
25.g6 hxg6 26.hxg6 f6 27.Bxe6+ Rxe6 28.Nf5 Kf8 
29.Rh8+ 1-0

[Event "HCL-B3916"]
[Site "www.playchess.de"]
[Date "2006.03.20"]
[Round "12"]
[White "donsimon"]
[Black "Mosselman"]
[WhiteElo "1076"]
[BlackElo "1376"]
[PlyCount "56"]
[Result "0-1"]

1.e4 {goeden dag!}  c5 {Veel plezier!}  2.d4 cxd4 
3.Qxd4 Nc6 4.Qe3 d6 5.Bd2 Nf6 6.Be2 g6 7.Bc3 Bg7 
8.Nf3 O-O 9.h4 Bg4 10.Qg5 Qd7 11.Nbd2 h6 12.Qf4 
Nh5 13.Qe3 d5 14.Bxg7 Kxg7 15.Qd3 Nf4 16.Qc3+ Kg8 
17.Bf1 Rfe8 18.g3 Bxf3 19.Qxf3 Nd4 20.Qc3 Nfe6 
21.h5 Rec8 22.Nc4 dxc4 23.hxg6 fxg6 24.O-O-O Qb5 
25.Bh3 Ne2+ 26.Kd2 Nxc3 27.Bxe6+ Kg7 28.Kxc3 
Qe5+ 0-1

[Event "HCL-A2622"]
[Site "www.playchess.de"]
[Date "2006.03.20"]
[Round "18"]
[White "GCP"]
[Black "Akkarin"]
[WhiteElo "1445"]
[BlackElo "1375"]
[PlyCount "82"]
[Result "0-1"]

1.e4 {hello from Rome, have a good game}  d6 
{Hello from Imardin, Kyralia}  2.d4 Nf6 3.Nc3 Nbd7 
4.Bc4 e5 5.Be3 c6 6.Nge2 Be7 7.Ng3 Qc7 8.Nf5 Bf8 
9.O-O Nb6 10.Bb3 Bxf5 11.exf5 Be7 12.Ne2 Qd7 
13.dxe5 dxe5 14.Qxd7+ Nbxd7 15.c4 c5 16.Rad1 O-O-O 
17.Nc3 Nb6 18.Nd5 Nbxd5 19.cxd5 Bd6 20.a4 b6 21.h3 
Kc7 22.Rd2 Ne4 23.Rd3 Be7 24.Ra1 Nd6 25.g4 h6 
26.Kg2 Bf6 27.Ra2 Kd7 28.Bd1 Rdc8 29.b3 c4 30.bxc4 
Nxc4 31.Kg3 Nxe3 32.fxe3 Kd6 33.e4 Rc5 {(offering 
draw)}  34.Rc2 Rhc8 35.Rdd2 Bg5 36.Rde2 Bf4+ 
37.Kg2 R5c4 38.Rxc4 Rxc4 39.Kf3 Rc3+ 40.Kg2 Rg3+ 
41.Kh2 Rd3+ 0-1

[Event "HCL-B3885"]
[Site "www.playchess.de"]
[Date "2006.03.20"]
[Round "16"]
[White "ama49"]
[Black "GMO"]
[WhiteElo "1082"]
[BlackElo "1342"]
[PlyCount "45"]
[Result "1-0"]

1.e4 e5 2.Nf3 f6 3.d4 exd4 4.Nxd4 d6 5.Nc3 Bd7 
6.Bc4 Nc6 7.Nxc6 Bxc6 8.O-O Qe7 9.Nd5 Bxd5 10.Bxd5 
O-O-O 11.Qd4 Kb8 12.Be3 b6 13.a4 Qe5 14.Qxe5 fxe5 
15.c4 Nf6 16.Bc6 Kc8 17.b4 h6 18.a5 Nd7 19.axb6 
cxb6 20.Rxa7 Nb8 21.Bb7+ Kd7 22.Bd5+ Ke8 
23.Bf7+ 1-0

[Event "HCL-C4123"]
[Site "www.playchess.de"]
[Date "2006.03.20"]
[Round "19"]
[White "Tribun"]
[Black "JMD"]
[WhiteElo "857"]
[BlackElo "1280"]
[PlyCount "100"]
[Result "0-1"]

1.e4 e5 {greetings from Paris}  2.Nf3 {thank 
you-and also greetings from Berlin}  Nf6 
{greetings from Paris}  3.d3 Nc6 4.Be3 h6 5.Be2 d6 
6.O-O Ng4 7.Ne1 Nxe3 8.fxe3 Be6 9.Bh5 g6 10.Bf3 
Qg5 11.g3 Qxe3+ 12.Rf2 Nd4 13.Ng2 Nxf3+ 14.Qxf3 
Qxf3 15.Rxf3 Bg4 16.Rf2 Bg7 17.Nd2 f5 18.Nh4 fxe4 
19.Nxg6 Rg8 20.Raf1 Bh3 21.Re1 {(offering draw) Do 
you want to share 1Point}  exd3 22.cxd3 Be6 23.Ne4 
Bxa2 24.d4 Bf7 25.Nh4 d5 26.Nc5 b6 27.Nd3 e4 
28.Nf4 Bxd4 29.Kg2 Bxf2 30.Kxf2 O-O-O 31.Nf5 Rgh8 
32.Nd4 Kb7 33.Nb5 c6 34.Nc3 h5 35.Nh3 Rdf8 36.Ke2 
Be6 37.Ng1 Bg4+ 38.Ke3 Rf7 39.h3 Bf3 40.h4 Bg4 
41.Kd2 Rhf8 42.Kc2 R7f1 43.Rd1 Bxd1+ 44.Nxd1 Rxg1 
45.Nc3 Rf2+ 46.Kb3 Rxg3 47.Ka3 e3 48.Nd1 e2+ 
49.Nc3 e1Q 50.Kb3 d4 0-1

[Event "HCL-B3868"]
[Site "www.playchess.de"]
[Date "2006.03.20"]
[Round "20"]
[White "SAROS"]
[Black "nico21"]
[WhiteElo "1233"]
[BlackElo "1510"]
[PlyCount "92"]
[Result "0-1"]

1.Nf3 Nf6 2.g3 d5 3.d4 c6 4.Bg2 g6 5.O-O Bg7 6.Re1 
O-O 7.Nc3 Bg4 8.Qd3 Bf5 9.e4 dxe4 10.Nxe4 Nxe4 
11.Rxe4 Bxe4 12.Qxe4 Nd7 13.c3 Nf6 14.Qe2 Qc7 
15.Bf4 Qb6 16.b3 Nd5 17.Bd2 e6 18.Rc1 Rac8 19.h4 
Qa5 20.Rc2 Qc7 21.Ne1 Rfe8 22.h5 e5 23.dxe5 Rxe5 
24.Qc4 Rxh5 25.Bxd5 Rxd5 26.Be3 a6 27.Nf3 Rcd8 
28.b4 Qd7 29.Nd4 Qh3 30.Qf1 Qxf1+ 31.Kxf1 Kf8 
32.Rd2 Kg8 33.Ke2 Re8 34.Kd3 h5 35.Kc4 Kh7 36.a4 
Bh6 37.Rd3 Bxe3 38.fxe3 Rg5 39.Ne2 Rge5 40.Nd4 
R5xe3 41.Nf3 Rxd3 42.Kxd3 f6 43.a5 g5 44.Nd4 Kg6 
45.Nb3 f5 46.Nc5 Re7 0-1

[Event "ACL-T170"]
[Site "www.playchess.de"]
[Date "2006.03.20"]
[Round "10"]
[White "reddog"]
[Black "Lullo"]
[WhiteElo "1141"]
[BlackElo "2183"]
[PlyCount "80"]
[Result "0-1"]

1.d4 d5 2.c4 e6 3.Nf3 Nf6 4.Nc3 c6 5.Bg5 {Hi 
Lullo,enjoy the game}  h6 6.Bxf6 Qxf6 7.e3 Nd7 
8.Bd3 dxc4 9.Bxc4 g6 10.O-O Bg7 11.Rc1 O-O 12.b4 
Qe7 13.Rb1 Re8 14.Qc2 Nb6 15.Be2 e5 16.Nxe5 Bxe5 
17.dxe5 Qxe5 18.e4 Be6 19.Rbd1 g5 20.Rd2 a5 
21.bxa5 Rxa5 22.Rfd1 Rc5 23.Qb1 Rxc3 24.Qxb6 Qxe4 
25.Bd3 Qe5 26.Bf1 Bc4 27.h3 Bxf1 28.Rxf1 Re7 
29.Rd8+ Kg7 30.Rc8 Rd3 31.a4 Red7 32.Qb1 R3d2 
33.Qb3 R7d3 34.Qb4 Rxf2 35.Rxf2 {Tom, I am on 
holiday from the 23rd March for 2 weeks - I will 
of course resign from the game should you not wish 
to wait for my return - Chris}  Rd1+ {Hi, no 
worries you can resign any time you want :)}  
36.Rf1 Qe3+ 37.Kh2 Rxf1 38.Qf8+ Kg6 39.Qd6+ f6 
40.Rh8 h5 0-1

[Event "HCL-B3916"]
[Site "www.playchess.de"]
[Date "2006.03.20"]
[Round "16"]
[White "mitke"]
[Black "DTW"]
[WhiteElo "1255"]
[BlackElo "1290"]
[PlyCount "30"]
[Result "0-1"]

1.e4 e5 2.Nf3 Nc6 3.Bc4 Nf6 4.d3 d6 5.Bg5 Be7 
6.Nc3 h6 7.Bh4 Bg4 8.h3 Bh5 9.g4 Bg6 10.Bg3 O-O 
11.Nh4 Bh7 12.f4 Nxe4 13.dxe4 Bxh4 14.Qf3 Nd4 
15.Bxh4 Nxf3+ 0-1

[Event "HCL-B3845"]
[Site "www.playchess.de"]
[Date "2006.03.20"]
[Round "17"]
[White "wshlj3"]
[Black "IRONMAIDEN"]
[WhiteElo "1402"]
[BlackElo "1268"]
[PlyCount "111"]
[Result "1-0"]

1.e4 e5 {Hi!}  2.Nf3 {Hello and best of luck.}  
Nc6 3.Bb5 Bd6 4.O-O a6 5.Ba4 Nge7 6.c3 b5 7.Bc2 
O-O 8.d4 exd4 9.cxd4 Ng6 10.Re1 Be7 11.Nc3 Bb4 
12.Bd2 d6 13.a3 Bxc3 14.Bxc3 Bg4 15.h3 Bxf3 
16.Qxf3 Nce7 17.Rad1 c6 18.Bb1 Qc7 19.Rdc1 c5 
20.d5 a5 21.Qg4 f6 22.h4 Ne5 23.Qe6+ Rf7 24.Re3 b4 
25.axb4 axb4 26.Bxb4 Qb7 27.Bc3 Raf8 28.Qxd6 Nc4 
29.Qxc5 Nxe3 30.Qxe3 Ng6 31.Qg3 Rc8 32.d6 Rc6 
33.Rd1 Rd7 34.h5 Ne5 35.h6 g6 36.Ba2+ Nf7 37.Bxf6 
Ra6 38.Bc4 Rb6 39.b3 Qxe4 40.Bc3 Kf8 41.Bg7+ Kg8 
42.Bb2 Rbb7 43.Ra1 Rba7 44.Rxa7 Rxa7 45.Qh3 Ra8 
46.d7 Qb1+ 47.Kh2 Qf5 48.Qh4 Qh5 49.Qxh5 gxh5 
50.Bf6 Kf8 51.Kg3 Nd6 52.d8Q+ Rxd8 53.Bxd8 Nxc4 
54.bxc4 Ke8 55.Ba5 Kd7 56.Kh4 1-0

[Event "HCL-T267"]
[Site "www.playchess.de"]
[Date "2006.03.20"]
[Round "9"]
[White "golddim"]
[Black "Wilmy"]
[WhiteElo "1433"]
[BlackElo "1248"]
[PlyCount "57"]
[Result "1-0"]

1.e4 e5 2.Nf3 Nc6 3.Bc4 Nf6 4.Ng5 Bc5 5.Bxf7+ 
{Greetings!}  Kf8 {Shalom and masel tov!}  6.O-O 
h6 7.d4 exd4 8.Bb3 hxg5 9.Bxg5 Ne5 10.f4 Ng6 11.e5 
d3+ 12.Kh1 Be7 13.exf6 gxf6 14.Qxd3 Kg7 15.Nd2 
fxg5 16.fxg5 Bxg5 17.Rf7+ Kh6 18.Qh3+ Nh4 19.Nf3 
d5 20.g4 Re8 21.Nxg5 Qxg5 22.Raf1 Re6 23.R7f5 Qe7 
24.Rh5+ Kg6 25.Rxh4 Re3 26.Rh6+ Kg7 27.Rh7+ Kg8 
28.Rh8+ Kg7 29.Qh6+ 1-0

[Event "HCL-A2663"]
[Site "www.playchess.de"]
[Date "2006.03.20"]
[Round "13"]
[White "PhilipKaveny"]
[Black "Ulpe"]
[WhiteElo "1336"]
[BlackElo "1648"]
[PlyCount "52"]
[Result "0-1"]

1.e4 c5 2.f4 g6 3.Nf3 Bg7 4.Bc4 Nc6 5.O-O d6 6.Kh1 
Nf6 7.Nc3 O-O 8.h3 Nxe4 9.Nxe4 d5 10.Nxc5 dxc4 
11.c3 b6 12.Ne4 Qd5 13.Nf2 Rd8 14.Re1 Bf5 15.b4 
Nxb4 16.Rxe7 Nc2 17.Bb2 Nxa1 18.Bxa1 Be6 19.Nd4 
Qd6 20.Nxe6 fxe6 21.Rxg7+ Kxg7 22.d4 Qxf4 23.Qe1 
Rdf8 24.Kg1 Rf5 25.g4 Qg3+ 26.Kf1 
Rxf2+ 0-1

[Event "HCL-M847"]
[Site "www.playchess.de"]
[Date "2006.03.20"]
[Round "18"]
[White "Goofy"]
[Black "NOHAU"]
[WhiteElo "2041"]
[BlackElo "2179"]
[PlyCount "29"]
[Result "1-0"]

1.d4 Nf6 2.c4 e6 3.Nc3 d5 4.Bg5 Be7 5.Nf3 O-O 6.e3 
h6 7.Bh4 b6 8.Rc1 Bb7 9.Bxf6 Bxf6 10.cxd5 exd5 
11.Bd3 c5 12.O-O Re8 13.Re1 Nd7 14.Bf5 Nf8 
15.Qd3 1-0

[Event "HCL-C4221"]
[Site "www.playchess.de"]
[Date "2006.03.20"]
[Round "2"]
[White "patzer55"]
[Black "gronico"]
[WhiteElo "1484"]
[BlackElo "1225"]
[PlyCount "92"]
[Result "1-0"]

1.e4 g6 2.d4 Bg7 3.Nf3 d6 4.h3 Nf6 5.Bd3 O-O 6.Nc3 
Nc6 7.d5 Ne5 8.Nxe5 dxe5 9.O-O c6 10.dxc6 bxc6 
11.Be3 Bb7 12.a3 Qc7 13.Qe2 Rfd8 14.Ba6 Rd6 15.Bc5 
Rd7 16.Rad1 Rad8 17.Bc4 R7xd1 18.Rxd1 e6 19.Rxd8+ 
Qxd8 20.Bxa7 Qc7 21.Bc5 Bf8 22.Bxf8 Kxf8 23.Qe3 
Kg7 {(offering draw)}  24.f3 Nh5 25.Qa7 Qc8 26.Na4 
Nf4 27.Nc5 Qa8 28.Qxa8 Bxa8 29.Nd3 c5 30.Nxe5 Kf6 
31.Nd7+ Kg5 32.Nxc5 h5 33.Nd3 Ne2+ 34.Kf2 Nd4 
35.c3 Nc6 {(offering draw)}  36.b4 Ne7 37.a4 Nc8 
38.a5 Na7 39.Bb3 Nb5 40.c4 Nd4 41.Bd1 f5 42.exf5 
gxf5 43.f4+ Kf6 44.Bxh5 Nc6 45.Bf3 Nxb4 46.Nxb4 
Bxf3 1-0